00801nam a2200193 a 450000100100000000500170001000800410002704000250006808200150009310000480010824500790015626000400023530000280027549000220030350000620032583000310038795201720041899900170059000004566320201002052356.0150422s2004 xxuac 000 0 spa d aDO-SdBNPbspacBNPHU axxxxbxxxx1 aGarcía Rodríguez, José María92822610aPoema de la solidaridad castellana /cJosé María García Rodríguez. aSanto Domingo :bCorripio,c[s.f.]. a114 p. :bil. ;c23 cm.1 aEncuentro APUEv1 aPerteneció a la biblioteca personal de Erick Landestoy. 0aEncuentro APUE ;n1973724 001050718MOaPDbPDcCTd2015-04-22iLF1l0oxxxx xxxxp45663-10r2020-06-25w2020-06-25y1zPerteneció a la biblioteca personal de Erick Landestoy.ZNo se presta c45152d45152